| 000 | 00396 a2200145 4500 | ||
|---|---|---|---|
| 001 | 167355 | ||
| 020 | _a | ||
| 040 | _cMagnum | ||
| 100 | _aMarcellino, Nelson Carvalho (Org.) | ||
| 240 | 1 | 0 |
_aPoliticas publicas setoriais de lazer: o papel das prefeituras _lpor |
| 245 | 1 | 0 | _aPoliticas publicas setoriais de lazer: o papel das prefeituras |
| 362 | 0 | _a1899 | |
| 697 | _aPOLITICA | ||
| 942 | _cBK | ||
| 999 |
_c167355 _d167355 |
||